Nuevas aventuras de un mifense / (Registro nro. 12122)
[ vista simple ]
| 000 -LEADER | |
|---|---|
| fixed length control field | 00716nam a22002537a 4500 |
| 001 - CONTROL NUMBER | |
| control field | 0011833 |
| 003 - CONTROL NUMBER IDENTIFIER | |
| control field | DO-SdBNP |
| 005 - DATE AND TIME OF LATEST TRANSACTION | |
| control field | 20161128102131.0 |
| 007 - PHYSICAL DESCRIPTION FIXED FIELD--GENERAL INFORMATION | |
| fixed length control field | 0011833 |
| 008 - FIXED-LENGTH DATA ELEMENTS--GENERAL INFORMATION | |
| fixed length control field | 161128b 1993 sp||||| |||| 00| 0 spa d |
| 020 ## - INTERNATIONAL STANDARD BOOK NUMBER | |
| International Standard Book Number | 9788434827127 |
| 040 ## - CATALOGING SOURCE | |
| Original cataloging agency | BPMSU |
| Language of cataloging | spa |
| Transcribing agency | BPMSU |
| 082 ## - DEWEY DECIMAL CLASSIFICATION NUMBER | |
| Classification number | xxxxxxxxx |
| Item number | xxxxxxxxx |
| 100 1# - MAIN ENTRY--PERSONAL NAME | |
| Personal name | Terán, Rocío de |
| 245 10 - TITLE STATEMENT | |
| Title | Nuevas aventuras de un mifense / |
| Statement of responsibility, etc. | Rocío de Terán ; ilustración Margarita Puncel |
| 250 ## - EDITION STATEMENT | |
| Edition statement | 4a ed. |
| 260 ## - PUBLICATION, DISTRIBUTION, ETC. (IMPRINT) | |
| Place of publication, distribution, etc. | Madrid : |
| Name of publisher, distributor, etc. | S. M., |
| Date of publication, distribution, etc. | 1993. |
| 300 ## - PHYSICAL DESCRIPTION | |
| Extent | 139 p. : |
| Other physical details | il., |
| Dimensions | 19 cm. |
| 490 1# - SERIES STATEMENT | |
| Series statement | Barco de vapor |
| Volume/sequential designation | 55 |
| 700 1# - ADDED ENTRY--PERSONAL NAME | |
| Personal name | Puncel, Margarita, |
| Relator term | il. |
| 830 #0 - SERIES ADDED ENTRY--UNIFORM TITLE | |
| Uniform title | Barco de vapor |
| Volume number/sequential designation | 55 |
| 942 ## - ADDED ENTRY ELEMENTS (KOHA) | |
| Source of classification or shelving scheme | Dewey Decimal Classification |
| Koha item type | Libros |
| 956 ## - LOCAL ELECTRONIC LOCATION AND ACCESS (OCLC) | |
| Host name | BTAVÁREZ |
| Access number | 10 |
| Compression information | 20161128 |
| Path | 0011833 |
| Withdrawn status | Lost status | Source of classification or shelving scheme | Damaged status | Not for loan | Collection code | Home library | Current library | Date acquired | Total Checkouts | Barcode | Date last seen | Price effective from | Koha item type |
|---|---|---|---|---|---|---|---|---|---|---|---|---|---|
| Dewey Decimal Classification | Colección Infantil General | Biblioteca Pública Metropolitana Salomé Ureña | Biblioteca Pública Metropolitana Salomé Ureña | 11/28/2016 | BPMSU16111580 | 11/28/2016 | 11/28/2016 | Libros |